| 000 | 005760000a22002050004500 | ||
|---|---|---|---|
| 003 | LK-CoMWRAF | ||
| 005 | 20231224004102.0 | ||
| 008 | 230817t1987 ||||| |||| 00| 0 eng d | ||
| 040 |
_aLK-CoMWRAF _dLK-CoMWRAF _eLK-CoMWRAF |
||
| 041 | _aeng | ||
| 082 |
_a297.265 _bAFZ |
||
| 100 | _aAfza, Nazhat | ||
| 245 |
_aThe Position of woman in Islam (A comparative study) : _btwo articles |
||
| 260 |
_aKarachi: _bIslamic Book Publishers, _c1982 |
||
| 300 | _a37 p. | ||
| 650 | _aWomen in Islam | ||
| 650 | _aWomen's rights -- History | ||
| 700 | _aAhmed, Khurshid | ||
| 942 | _cBK | ||
| 999 |
_c1646 _d1646 |
||